Broadway Shows by Antonyms Quiz Stats

 Plays Quiz Updated Apr 25, 2019

Score 0/20 Timer 05:00
2 Plays Today
Antonym(s) Show % Correct
North AtlanticSouth Pacific
97.4%
DogsCats
96.4%
BaldnessHair
94.8%
Illegally BrunetteLegally Blonde
93.5%
Les JoyeuxLes Miserables
81.7%
NightmareboysDreamgirls
81.4%
MortgageRent
80.9%
A Tiger QueenThe Lion King
77.5%
Talkin' in the SunshineSingin' in the Rain
72.4%
Your Ugly GentlemanMy Fair Lady
69.9%
Antonym(s) Show % Correct
Nothing StaysAnything Goes
67.7%
I'm a Bad Woman, Lucy van PeltYou're a Good Man, Charlie Brown
66.2%
PapĂ  Tuo?Mamma Mia!
62.7%
Piper in the BasementFiddler on the Roof
60.2%
DevilcurseGodspell
42.7%
VirtuousWicked
40.1%
Away from the MeadowInto the Woods
37.5%
Far from StrangeNext to Normal
36.3%
Happily Ever BedframeOnce Upon a Mattress
30.6%
Out of the DepthsIn the Heights
25.6%

You're not logged in!

Compare scores with friends on all Sporcle quizzes.
OR
Log In

Sporcle TV

Today on Sporcle TV


Watch our educational content, quiz creation guides, and fun videos on Sporcle TV.

Show Comments

Extras

Top Quizzes Today


Score Distribution

Your Account Isn't Verified!

In order to create a playlist on Sporcle, you need to verify the email address you used during registration. Go to your Sporcle Settings to finish the process.

Report this User

Report this user for behavior that violates our Community Guidelines.

Details: